000
00336nam a22001457a 4500
008
230208b ||||| |||| 00| 0 eng d
020
_a
978146410696
041
_a
eng
080
_2
SIXTH EDITION
_a
91
082
_a
91PUL
100
_a
19.2
101
_a
GJEOG
245
_a
WORLD REGIONAL GEOGRAPHY
_c
PULSPIHER M.L
942
_2
udc
_c
BK
999
_c
59343
_d
59343